Laisiangthou: thukhunlui leh thukhunthak kigawm (Record no. 7088)

MARC details
000 -LEADER
fixed length control field 00463nam a2200169Ia 4500
003 - CONTROL NUMBER IDENTIFIER
control field GBCCL
005 - DATE AND TIME OF LATEST TRANSACTION
control field 20251201135314.0
008 - FIXED-LENGTH DATA ELEMENTS--GENERAL INFORMATION
fixed length control field 180709b ||||| |||| 00| 0 eng d
020 ## - INTERNATIONAL STANDARD BOOK NUMBER
International Standard Book Number 8122136478
040 ## - CATALOGING SOURCE
Transcribing agency GBC
082 ## - DEWEY DECIMAL CLASSIFICATION NUMBER
Classification number VER 220.5954
Item number PAI 1
245 ## - TITLE STATEMENT
Title Laisiangthou: thukhunlui leh thukhunthak kigawm
260 ## - PUBLICATION, DISTRIBUTION, ETC.
Date of publication, distribution, etc. 1984 ?
Place of publication, distribution, etc. Bangalore:
Name of publisher, distributor, etc. Bible Society of India,
300 ## - PHYSICAL DESCRIPTION
Extent 973, 307 p.;
Other physical details ill.,
Dimensions 24cm
651 ## - SUBJECT ADDED ENTRY--GEOGRAPHIC NAME
Geographic name Bible
Form subdivision Paite
9 (RLIN) 12541
942 ## - ADDED ENTRY ELEMENTS (KOHA)
Source of classification or shelving scheme Dewey Decimal Classification
Koha item type Reference Books
Holdings
Withdrawn status Lost status Source of classification or shelving scheme Damaged status Not for loan Home library Current Library Shelving location Date acquired Total checkouts Full call number Barcode Date last seen Copy number Price effective from Koha item type
    Dewey Decimal Classification     GRACE BIBLE COLLEGE GRACE BIBLE COLLEGE Bible 2018-07-09   VER 220.5954 PAI 000015 2025-05-01 c.1 2018-07-09 Reference Books
© Grace Bible College Library 2025